[Event "ETCC 2007"]
[Site "Crete"]
[Date "2007.11.04"]
[Round "7"]
[White "GM Socko, Bartosz(POL)"]
[Black "GM Shirov, Alexei(ESP)"]
[Result "1-0"]
[WhiteElo "2646"]
[BlackElo "2739"]
[Annotator "Ëåáåäåâ Âàñèëèé"]
[PlyCount "51"]
[EventDate "2007.11.04"]

1. e4 c5 2. Nf3 d6 3. d4 cxd4 4. Nxd4 Nf6 5. Nc3 a6 6. Be3 e5 7. Nf3 {
Òåïåðü ïî ìíåíèþ àâòîðèòåòà  «â áîëüøèíñòâå ñëó÷àåâ ÷¸ðíûì óäà¸òñÿ
äîñòàòî÷íî ïðîñòî ðåøèòü íåáîëüøèå ïîçèöèîííûå ïðîáëåìû ñòîÿùèå ïåðåä íèìè â
ýòîì ðàçâåòâëåíèè» (Êàñïàðîâ). Âîò è â ýòîé ïàðòèè, íåñìîòðÿ íà å¸ ðåçóëüòàò,
âñ¸ â äåáþòå äëÿ Àëåêñåÿ Øèðîâà ñêëàäûâàëîñü äîâîëüíî óäà÷íî.} ({Ïîñëå} 7.
Nb3 {, êàê âñåì èçâåñòíî, åñòü êó÷à òåîðèè. Áåëûå ðåøàþò íå ñîðåâíîâàòüñÿ â
òîì, ó êîãî ïàìÿòü ëó÷øå, à ïðîñòî ïîèãðàòü â øàõìàòû. òåì áîëåå, êàê
âûÿñíèëîñü ó íèõ ïðèïàñ¸í êàìåíü çà ïàçóõîé.}) 7... Be7 8. Bc4 O-O 9. O-O Nc6
10. Qd3 $5 $146 {Íîâèíêà, è äóìàåòñÿ ìíå, ÷òî âñ¸ æå îäíîðàçîâàÿ.} ({
Îñíîâíîå ïðîäîëæåíèå çäåñü -} 10. Qe2 {Âîò ïîñëåäíÿÿ ïàðòèÿ íà ýòó òåìó.} Na5
11. Bd5 Bd7 12. Rfd1 Rc8 13. a4 Bg4 14. h3 Bh5 15. Ra3 Qc7 16. Bg5 Ne8 17. g4
Bxg5 18. Nxg5 Bg6 19. Nf3 Nf6 20. Nh4 Nxd5 21. Nxd5 Qxc2 22. Ne7+ Kh8 23. Re3
Qxe2 24. Rxe2 Rc4 25. f3 Nc6 26. Nxc6 Rxc6 27. Red2 Rd8 28. b4 f6 29. b5 axb5
30. axb5 Rb6 31. Nxg6+ hxg6 32. Rd5 Rc8 33. Kf2 Rc2+ 34. Kg3 Kg8 35. h4 Rb2 36.
Rxd6 Rxd6 37. Rxd6 Rxb5 38. Rd8+ Kf7 39. Rd7+ Kf8 40. Rc7 Rb2 41. Rc8+ Kf7 42.
Rc7+ Kg8 43. Rc8+ Kf7 44. Rc7+ Kg8 45. Rc8+ Kf7 {
(1/2 Spasov,V (2583) - Dzagnidze,N (2404)/Kavala GRE 2007).}) 10... Bg4 11. a3
{Êîíÿ íà b4 «ïóùàòü íå âåëåíî»!} Bxf3 12. gxf3 Nd7 13. b4 {
È íà ñ5 òîæå íå ïóùàòü!} Nd4 $1 {Íàïàëè íà ïåøêó.} 14. Kg2 ({Åñëè} 14. Bxd4 {
, òî} exd4 15. Nd5 (15. Qxd4 $4 Bf6 {, è áåëûå áåç ôèãóðû - íàïðèìåð,} 16. Qd3
Ne5 17. Qe2 Nxc4 18. Qxc4 Rc8 {è âñ¸}) 15... Ne5 16. Qe2 Qd7 $132) 14... Rc8
15. Ba2 ({Ëþáîïûòíî áûëî} 15. Bd5 $5 {ñî ñëåäóþùåé èäååé -} Qc7 $6 ({
íî ëó÷øå} 15... Rc7 $1 {, è åñëè} 16. Bxd4 {, òî} exd4 17. Ne2 Ne5 18. Qxd4
Bf6 $1 19. c3 $140 Nxf3 20. Qe3 Ne5 $13 {è ò.ä.}) 16. Bxd4 $1 exd4 17. Ne2 Ne5
18. Qd2 Qxc2 19. Qxc2 Rxc2 20. Nxd4 Rc7 21. Rac1 Rfc8 22. Rxc7 Rxc7 23. b5 $1
$36) 15... Bg5 {
Íà÷íó êîïàòü ÿ óãëóáë¸ííî, ïîæàëóé, ñ ýòîãî ìåñòà è äàëüøå - êàê ïîëó÷èòñÿ.}
16. f4 Bh6 $1 ({Äóìàþ, ÷òî çàñëóæèâàåò íåêîòîðîãî  âíèìàíèÿ} 16... Rxc3 $5
17. Qxc3 Bxf4 18. Bxf4 Ne2 19. Qd2 Nxf4+ 20. Kh1 Nf6 $44) 17. fxe5 Bxe3 $6 {
Àëåêñåé Øèðîâ â íåâàæíîé ôîðìå :( Æàëü.} ({Ïîñëå} 17... Nf3 $3 {
õîòåë áû ÿ ïîñìîòðåòü, ÷òî ïðåäïðèíÿëè áû áåëûå!} {Íàïðèìåð,} 18. Bxf7+ (18.
Kxf3 $4 Nxe5+) ({èëè} 18. Bxh6 {(ëó÷øåå, íî íå âäîõíîâëÿþùåå)} Ndxe5 19. Qe3
Qh4 $40 {äà è ôèãóðà îòûãðûâàåòñÿ}) ({èëè} 18. Qxd6 Rc6 19. Qd1 Nxh2 $1) 18...
Kh8 $1 {, è àòàêà áåëûõ çàêàí÷èâàåòñÿ}) 18. fxe3 Nb5 $2 {
Îïÿòü... :( Êàê áû íå ðåøàþùàÿ îøèáêà!} ({Ïðàâèëüíî áûëî} 18... Qg5+ $1 19.
Kh1 Nf3 $1 {È äàëåå} 20. Rxf3 ({èëè} 20. e6 Nde5) 20... Nxe5 21. Rxf7 $1 Nxf7 (
{ñëàáåå} 21... Nxd3 22. Rf5+ Kh8 23. Rxg5 Nf2+ 24. Kg2 Rxc3 25. Bd5 {è ò.ä.})
22. Rf1 Qe5 {, è ÷¸ðíûå äîëæíû ðàñïóòàòü êëóáîê ñâîèõ ôèãóð, ñîõðàíÿÿ ïåðåâåñ.
}) 19. Rxf7 $1 {Âíåçàïíî è ñèëüíî!} Rxf7 ({Ñìåõà ðàäè ïðèâåäó âàðèàíò} 19...
Rxc3 $4 20. Rxd7+ Kh8 21. Rxd8 Rxd3 22. Rxf8#) 20. Bxf7+ {
Ëàäüþ íàäî áèòü ñðàçó.} ({åñëè â ïðîìåæóòêå ñêàêíóòü íàëåâî -} 20. Nxb5 {
,òî, ïî óæå çàâåä¸ííîé ïðèâû÷êå, âî ïåðâÛõ ñòðîêàõ íàøåãî àíàëèçà íàõîäèì
íè÷üþ -} axb5 21. e6 Rf2+ $3 22. Kxf2 Qh4+ {, è ïîëó÷àåòñÿ âå÷íûé øàõ -}
23. Kg1 Qg4+ 24. Kh1 Qf3+ 25. Kg1 Qg4+ {è ò.ä.}) ({Íî åñòü (â îòâåò íà} 20.
Nxb5 {) è áîëåå êðåàòèâíàÿ èäåÿ -} Nxe5 21. Bxf7+ Nxf7 22. Nd4 ({íî íå} 22. Nc3
$4 Qg5+ 23. Kh1 Qe5 $19) 22... Ne5 {, è ïîíÿòíî, ÷òî öåíòðàëüíûå, ñäâîåííûå
ïåøêè ïî ëèíèè «å» óêðàøåíèåì ïîçèöèè áåëûõ íàçâàòü íåëüçÿ.} {
(õîòÿ Rybka òóò ïîçèöèþ áåëûõ, âðîäå áû, ëåãêî óäåðæèâàåò} 23. Qb3+ Rc4 24.
Rf1 Qg5+ 25. Kh1 Qh4 26. Rf4 Qe1+ 27. Kg2 b5 28. a4 {è ò.ä.)}) 20... Kxf7 {
Ïîñëå îøèáîê, ñîâåðø¸ííûõ íà ïðåäûäóùèõ õîäàõ, ó ÷¸ðíûõ óæå î÷åíüñîìíèòåëüíàÿ
ïîçèöèÿ. Íî ýòî, íàñêîëüêî ÿ ïîíÿë, ïðîèãðûâàåò ïî÷òè ôîðñèðîâàííî.} ({
Íå êàæåòñÿ ïðèâëåêàòåëüíûì è} 20... Kh8 21. Nxb5 axb5 22. e6 Ne5 23. Qe2 Qh4
24. Rf1 $1 Qxe4+ $140 25. Kg1 Rxc2 26. Qxc2 $1 Qxc2 27. e7 $18) 21. Qd5+ Kg6 {
Ýòî ïóòåøåñòâèå äî äîáðà ÷¸ðíûõ íå äîâåä¸ò.} ({Íî ðåøèòüñÿ íà} 21... Ke7 $5 {
è â îòâåò íà} 22. Nxb5 {ñîãëàñèòüñÿ ñ çàùèòîé òÿæåëåéøåé ïîçèöèè ïîñëå} Nxe5 $1
({âñ¸ îñòàëüíîå - çíà÷èòåëüíî õóæå; íàïðèìåð,} 22... axb5 23. exd6+ Ke8 24.
Qe6+ Kf8 25. Rf1+ Nf6 26. e5 {è ò.ä.}) ({èëè} 22... Rxc2+ 23. Kh1 Nxe5 (23...
dxe5 24. Nd6 Qf8 25. Nf5+ Kd8 26. Qxb7 {è ò.ä.}) ({èëè} 23... axb5 24. exd6+ {
è ò.ä., ÷òî óæå áûëî ðàçîáðàíî}) 24. Nd4 Rf2 25. Qe6+ Kf8 26. Rc1 $18) 23. Nd4
Qd7 24. Rf1 $16 {
áûëî áû î÷åíü òðóäíî. È äàæå, äóìàåòñÿ, äëÿ ÷åëîâåêà - íåâîçìîæíî.}) 22. Qe6+
Kh5 ({Åñëè êîðîëü ñòóïèò íà ñîñåäíþþ êëåòî÷êó} 22... Kg5 {, òî è â ýòîì
ñëó÷àå åãî äîãîíÿò è îòâåñÿò ëþëåé, ïðè÷¸ì, òàêèõ óâåñèñòûõ, êàê è â ïàðòèè
-} 23. Nd5 $1 g6 $1 (23... dxe5 24. Kh1 $1 {, ïîäêëþ÷àÿ â äåëî ëàäüþ}) ({èëè
} 23... Rxc2+ 24. Kg3 $1 dxe5 25. h4+ Kh5 26. Ne7 $18) 24. Ne7 Nc7 ({
ñàìîå óïîðíîå; åñëè} 24... Rc4 {, òî èçÿùíåå âñåãî âûèãðûâàåò} 25. Rg1 $1) ({
à â ñëó÷àå} 24... Rxc2+ 25. Kh1 Nxe5 {ðåøàåò} 26. Rg1+ Kh6 27. Qf6 $1 {
ñ íåîòðàçèìûìè óãðîçàìè}) 25. h4+ $1 {èëè} Kh6 ({Èëè} 25... Kxh4 26. Rh1+ Kg5
27. Qh3 {ñ ìàòîì íå ïîçäíåå òðåòüåãî õîäà}) ({èëè æå} 25... Kh5 26. Qf7 $1 Nxe5
27. Qxh7+ Kg4 28. Nxg6 Qg8 29. Nxe5+ dxe5 30. Qh6 $3 Nb5 31. Rg1 $1 {
, è ÷¸ðíûå àáñîëþòíî áåñïîìîùíû!}) 26. Qxd6 Nf8 27. Qf6 Nfe6 28. h5 $1 Qd2+
29. Kh1 $18 {, èáî ïîëîæåíèå ïîñëå} Kxh5 30. Qf3+ Kh6 31. Nxc8 {
ðàçáîðà óæå íå òðåáóåò}) 23. Nd5 $1 dxe5 ({
Íå óäà¸òñÿ âûêëÿí÷èòü ó ñóäüáû âå÷íûé øàõ äàæå æåðòâóÿ ëàäüþ ïóò¸ì} 23...
Rxc2+ 24. Kh1 Rxh2+ $5 25. Kxh2 Qh4+ {, èáî áåëûå îòâå÷àþò çäåñü} 26. Qh3 $1
({ëîìàÿ ìå÷òû î âå÷íîì øàõå ïîñëå} 26. Kg1 Qg3+ 27. Kf1 Qf3+ 28. Ke1 Qg3+ {
è ò.ä.})) ({À â ñëó÷àå} 23... g6 {
ïðàâèëüíûì ÿâëÿåòñÿ òèõîå îòñòóïëåíèå â óãîëîê -} 24. Kh1 $1 Kh6 $140 25. Ne7
Nc7 26. Nf5+ Kh5 27. Qf7 $1 Nf8 28. Nxd6 {è ò.ä.}) 24. Ne7 $18 {Â çàãîííîé
å ïðèìóò ó÷àñòèå ÂÑÅ áåëûå ôèãóðû! Îñîáåííî ðåëüåôíî ýòî áóäåò âèäíî â
ïðèìå÷àíèè ê ñëåäóþùåìó õîäó ÷¸ðíûõ.} Nf6 ({Èëè} 24... g6 25. Qh3+ Kg5 26.
Rf1 $1 Rxc2+ $140 27. Kg3 $1 Qxe7 28. Qh4#) 25. Kh1 $1 Nxe4 ({Èëè} 25... Qd6
26. Qf5+ Kh6 27. Rg1 {ñ ìàòîì}) ({Èëè} 25... Qd7 26. Qxe5+ g5 27. Qxf6 $18) 26.
Qf7+ ({È ìàò íåèçáåæåí.} 26. Qf7+ g6 27. Qxh7+ Kg4 28. Qxg6+ Ng5 29. Rg1+ Kf3
30. Qf5+ Kxe3 31. Qxg5+ Kd4 32. Qd2+ Kc4 33. Rg4+ e4 34. Rxe4+ Nd4 35. Qd3#)
1-0

[Event "ETCC 2007"]
[Site "Crete"]
[Date "2007.11.04"]
[Round "7"]
[White "GM Morozevich, Alexander(RUS)"]
[Black "GM Tkachiev, Vladislav(FRA)"]
[Result "1-0"]
[WhiteElo "2755"]
[BlackElo "2661"]
[Annotator "Ëåáåäåâ Âàñèëèé"]
[PlyCount "57"]
[EventDate "2007.11.04"]

1. Nf3 d5 2. g3 Nf6 3. Bg2 g6 4. c4 c6 5. b3 Bg7 6. Bb2 O-O 7. O-O dxc4 8. bxc4
c5 9. Nc3 Nc6 10. d3 Rb8 $146 (10... Bd7 11. Na4 b6 12. Ne5 Rc8 13. Nxd7 Qxd7
14. Nc3 Rfd8 15. Qa4 Nd4 16. Qxd7 Nxd7 17. Rab1 Ne5 18. Rfd1 e6 19. Kf1 Rd7 20.
h3 f5 21. f4 Nf7 22. Rd2 Nd6 23. e3 Nc6 24. Bxc6 Rxc6 25. Ke2 Rc8 26. a4 Rcd8
27. Rdd1 Nb7 28. g4 Bf6 29. gxf5 gxf5 30. Nb5 Bxb2 31. Rxb2 Na5 32. Na3 Rg7 33.
Kf3 Kf7 34. Rg2 Rxg2 35. Kxg2 Nc6 36. Kf2 Nb4 37. Ke2 Rg8 38. Kf2 Rd8 39. Ke2
Rg8 40. Kf2 Rd8 {(1/2  Pantaleev,P (2240) - Egger,T (2245)/Bayern 2005).}) 11.
Nd2 Nd4 12. e3 Ne6 13. Qe2 b6 14. f4 Nc7 15. Nf3 Bg4 16. a4 Nfe8 17. Ra3 {
Äîïîëíèòåëüíî çàùèùàÿ ïåøêó íà d3.} Nd6 {
Ïîáåäà áåëûõ íà÷àëà êîâàòüñÿ, íà÷èíàÿ ñ õîäà -} 18. Nb5 a6 {
×òîáû òåðïåòü òàêîãî êîíÿ, íàäî èìåòü æåëåçíûå íåðâû.} ({Ìåíÿòüñÿ} 18... Ncxb5
{, î÷åâèäíî, ïëîõî. -} 19. axb5 {è ïåøêà à7 î÷åíü ñëàáà.}) 19. Bxg7 Kxg7 20.
Na7 $1 {Êîíü ýòîò, êàê âûÿñíèòñÿ, ïðîñòîèò íà ýòîì ïîëå äî ñàìîãî êîíöà
ïàðòèè! È èìåííî îí ïðèíåñ¸ò áåëûì ïîáåäó!} Qd7 {ßñíîå äåëî, ÷¸ðíûå íå õîòÿò,
÷òîáû èõ åäèíñòâåííî «ïðèëè÷íî» ðàñïîëîæåííóþ ôèãóðó (ñëîíà íà g4) ãîíÿëè
ïî âñåé äîñêå (ïîñëå, íàïðèìåð, âåñüìà âîçìîæíîãî h2-h3).} (20... Qe8 $5 {Rybka
}) 21. Ne5 $1 {Óïðîùàòü ïîçèöèþ íàäî òàê, ÷òîáû íå áûëî ìó÷èòåëüíî áîëüíî
çà ðàçìåíÿííûå ôèãóðû. Òî åñòü âîâðåìÿ è ñ óìîì. Ïðèìåðíî òàê, êàê ýòî ñäåëàë
â äàííîé ïàðòèè Àëåêñàíäð Ìîðîçåâè÷. Áûòü ìîæåò, ôîðñèðîâàííîãî âûèãðûøà òóò,
â êîíöå êîíöîâ, è íå îáíàðóæèòñÿ, íî ïðîáëåìû ïåðåä ñîïåðíèêîì áûëè ïîñòàâëåíû.
È ÷¸ðíûå ñ íèìè íå ñïðàâèëèñü.} ({Æåðòâà ïåøêè íè ê ÷åìó îñÿçàåìîìó íå âåëà -
} 21. h3 $6 Bxh3 22. Ne5 Qe6 23. Nac6 Bxg2 24. Qxg2 Rbe8 {è ò.ä.}) (21. Qb2+ f6
22. Ng5 h6 23. Bc6 Qd8 24. Ne4) 21... Bxe2 22. Nxd7 {
Ïî ïóòè êîíü «îáúÿâëÿåò» âèëêó.} Bxf1 {Ëó÷øåå.} ({
À ÷òîáû ýòî äîêàçàòü, ïîêàæó ïî÷åìó ñëàáåå, ê ïðèìåðó,} 22... Rbd8 23. Nxf8
Bxf1 (23... Kxf8 24. Re1 $18) 24. Kxf1 Kxf8 ({èëè} 24... Rxf8 25. Rb3 {
- ïðÿìîëèíåéíî íàäàâèëè íà b6.} Na8 ({ïëîõî} 25... Rb8 26. Nc6 Rb7 27. Nxe7 {
è ò.ä.}) 26. Nc6 Re8 27. Ne5 {, è ïåøêà âñ¸-òàêè áóäåò ïîòåðÿíà}) 25. Rb3 Na8 (
{åñëè} 25... Rb8 {, òî} 26. Nc6 Rb7 27. Ne5 Rb8 $140 $4 28. Nd7+) 26. Nc6 Rc8
27. Ne5 {, è áåëûå îïÿòü âûèãðûâàþò ïåøêó}) ({È ñîâñåì ïëîõî} 22... Rfd8 23.
Nxb8 Bxf1 24. Nac6 $18) 23. Kxf1 Rfd8 $6 {Ïîòåðÿ òåìïà, óñóãóáëÿþùàÿ ïðîáëåìû
÷åìïèîíà Åâðîïû íûíåøíåãî ãîäà â èíäèâèäóàëüíîì çà÷¸òå.} ({Êà÷åñòâî âñ¸
ðàâíî ïðèõîäèòñÿ îòäàâàòü íàçàä, ïîýòîìó, íå òåðÿÿ âðåìåíè, ñëåäîâàëî (ÈÌÕÎ)
äâèãàòü} 23... b5 $5 24. Nc6 (24. cxb5 axb5 25. Nxb8 b4) 24... b4 25. Rb3 Ra8
26. Nxf8 Kxf8 {è ò.ä.}) 24. Nxb8 Rxb8 25. Rb3 {Êàê ãîâîðèòñÿ, ïðîñòî è ñî
âêóñîì. È êàê òåïåðü, ñêàæèòå íà ìèëîñòü, ÷¸ðíûì çàùèùàòü ñâîè ñëàáûå ïåøêè
ôåðçåâîãî ôëàíãà?} b5 $1 {Òîëüêî òàê!} ({
Åñëè, â ïðåäâèäåíèè áóäóùåãî, ïðèêðûòü ïóíêò d5 ïóò¸ì} 25... e6 $6 {
, òî ïîñëåäîâàëî áû, áåç ñîìíåíèÿ,} 26. Nc6 Rb7 27. Ne5 Rb8 28. d4 $1 cxd4 $140
29. c5 {è ò.ä.}) 26. axb5 axb5 27. cxb5 Ncxb5 {×¸ðíûå ôèãóðû òàê õîðîøî
ñâÿçàíû-ïåðåâÿçàíû, ÷òî ïàðòèÿ çàêîí÷èëàñü óæå ÷åðåç äâà õîäà. È, êàê è
áûëî îáåùàíî, êîíü íà à7 èãðàåò âî âñ¸ì ýòîì íå ïîñëåäíþþ ðîëü.} (27... Rb6
28. Bc6 $16) 28. Kf2 $5 {Ñâîþ ïîçèöèþ áåëûå íèêîèì îáðàçîì íå óõóäøèëè,
ïðàâà õîäà ñîïåðíèêó ïåðåäàëè, è òîò...} Rb6 $4 {Óðà! Ðîññèÿ ïîáåæäàåò!} ({
Êîíå÷íî, íàäî áûëî ïðèêðûòü ïîëå d5 -} 28... e6 $1 {
È ìàêñèìóì òîãî, ÷òî ìîãóò çàïîëó÷èòü òóò áåëûå, ýòî ñëåäóþùèé ýíäøïèëü} 29.
Ke1 $5 ({êîðîëÿ ñ f2 ïðèõîäèòñÿ óáèðàòü, ïîòîìó ÷òî â êîíöå âàðèàíòà îí
ïîïàäàåò ïîä âèëêó -} 29. Bf1 Rb7 30. Nxb5 Rxb5 31. Rxb5 Nxb5 32. d4 Nc3 33.
dxc5 $140 Ne4+ 34. Kf3 Nxc5 $11) 29... Rb6 30. Rb1 Rb8 31. d4 c4 $1 32. Bf1 Rb6
33. Nxb5 Rxb5 34. Rxb5 Nxb5 35. Bxc4 Nd6 36. Bd3 {
ïåøêà ó áåëûõ, êîíå÷íî, ëèøíÿÿ, íî âîò âûèãðàíî ëè òóò ó íèõ? Ñîìíåâàþñü.})
29. Bd5 $1 $18 {Ïîñëå Bc4 ñâÿçàííàÿ ôèãóðû âûèãðûâàåòñÿ.} 1-0